| 000 | 00544nam a2200181Ia 4500 | ||
|---|---|---|---|
| 005 | 20250508152529.0 | ||
| 008 | 008 250505s9999 xx 000 0 eng d | ||
| 037 | _aBooks to be hide in OPAC | ||
| 040 |
_aFEDL _beng _cFEDL |
||
| 041 |
_aeng _2eng |
||
| 084 |
_a370.3, EDU/O _qFEDL |
||
| 100 |
_aBuber Martin M _9761709 |
||
| 245 | 0 | _aEducational encyclopedia : Thesaurus of jewish and general education Vol. 2 | |
| 260 | _c1959 | ||
| 700 |
_a Ormian Haim Y _9761710 |
||
| 942 |
_cHB _h370.3, EDU/O |
||
| 999 |
_c1337034 _d1337034 |
||